000 00336 a2200109 4500
001 ART_7846
005 20260410161832.0
008 260409a
245 1 0 _aCálculo de los reajustes de precios
100 1 _aPérez, Carlos Alberto
773 0 _tContabilidad y administración
_g- Año 2, Nº 18 (dic. 1978)
_wREV5485
999 _c23286
_d23286